00677nam a22001577a 4500003000900000008004100009040007100050082002400121100003200145245004100177260002900218300002600247505020300273650001700476650002600493AR-CdUCM190328b ||||| |||| 00| 0 spa d aMUNICIPALIDAD PROVINCIAL DEL CUSCOcBIBLIOTECA MUNICIPAL DEL CUSCO 22ed.a377.3 /bSI55 aSilva de Santolalla, Irene  aPor la Felicidad de Nuestros Hijos / aLima :bMinerva ;c1945. a356 páginas ;c21cm aContenido: Corregir la conducta del adulto es educar al niño -- Decálogo de una madre -- Capacitarse para educarlos -- Cómo debe de actuar la madre que es la principal educadora del niño ... aEducación  aEducación infantil